00567nam a2200169Ia 4500008004100000020001500041041001200056082001600068100001700084245006300101260002500164300000800189650000800197942000700205999001500212952017000227221030s9999 xx 000 0 und d a8120300548 aEnglish a105.23bJor aE. C. Jordan 0aElectromagnetic Waves & Radiating Systemscby E. C. Jordan bPHIaNew Delhic2000 a753 aEMT cBK c1067d1067 pBE 2307g195.00l0o105.23 Jorr2024-06-13 00:00:00w2022-10-30yBK003Print4070aMIETLIBbMIETLIBcBL-Academic Block C, FL-2, CUP-8, SH-1, R-1d2001-01-1010HBE